00577nam a2200205 a 450000100060000000300090000600800410001504000280005608200170008410000180010124500240011926000610014330000110020449000290021565000290024465000220027365000220029565000320031765000220034911063CO-ViMGA141112s2004 ck r 000 u spa d aCO-ViMGAbspacCO-ViMGA04aV861.6 P17sL1 aPastori, Luis10aSonetos Itemporales aSantafé de Bogotá, cInstituto Caro y Cuervo, c1997 a146 p. aGranada entreabierta, 8314aCRITICA E INTERPRETACION14aNATURALEZA POESIA14aPASTORI LUIS 192114aPOESIA AMOROSA - VENEZOLANA14aPOESIA VENEZOLANA